LDR 01138nam a2200241 i 4500 001 000000028302 003 CaOOAMICUS 005 20260515144401.0 008 180830s1964 fr u000 u fre u 040 $aSeMil$bita 100 1 $aBrunner, Emil,$d<1889-1966>.$0(OLS)http://semarc/name/12918 240 10$aDogmatik.$0(OLS)http://semarc/title/29776 245 10$aDogmatique /$cEmil Brunner ; traduction française de Frédéric Jaccard. 260 $aGenève :$bLabor et Fides,$c1964-1967. 300 $a3 v. ;$c23 cm. 650 4$aTeologia dogmatica.$0(OLS)http://semarc/subject/68 700 1 $aJaccard, Frédéric.$0(OLS)http://semarc/name/12926 774 0 $aBrunner, Emil <1889-1966>$tDoctrine chrétienne de Dieu.$g1$w()63009 774 0 $aBrunner, Emil <1889-1966>$tDoctrine chrétienne de la création et de la rédemption.$g2$w()63010 774 0 $aBrunner, Emil <1889-1966>$tDoctrine chrétienne de l'église, de la foi et de l'achèvement.$g3$w()63011 996 $6245$aDogmatique$9(OLS)http://semarc/title/38405 996 $6260$aGenève :$bLabor et Fides$9(OLS)http://semarc/publisher/31164